Central Library OPAC University of Rajshahi

An introduction to mathematics / (Record no. 7294)

MARC details
000 -LEADER
fixed length control field 00846cam a2200301 4500
001 - CONTROL NUMBER
control field 7294
003 - CONTROL NUMBER IDENTIFIER
rucl marc code BD-RjUL
005 - DATE AND TIME OF LATEST TRANSACTION
control field 20211208234408.0
008 - FIXED-LENGTH DATA ELEMENTS--GENERAL INFORMATION
fixed length control field 140113s1953 nyua 001 0 eng
035 ## - SYSTEM CONTROL NUMBER
System control number (OCoLC)ocm00523573
System control number (BD-RjUL)7337
System control number (NNC)1542542
040 ## - CATALOGING SOURCE
Original cataloging agency DLC
Transcribing agency WSU
Modifying agency SER
-- ZCU
-- BD-RjUL
Language of cataloging eng
041 ## - LANGUAGE CODE
Language code of text/sound track or separate title eng
082 ## - DEWEY DECIMAL CLASSIFICATION NUMBER
Classification number 510
Author mark and year WHI 1953
100 1# - MAIN ENTRY--PERSONAL NAME
Personal name Whitehead, Alfred North,
Dates associated with a name 1861-1947.
9 (RLIN) 3429
245 13 - TITLE STATEMENT
Title An introduction to mathematics /
Statement of responsibility, etc. Alfred North Whitehead
260 ## - PUBLICATION, DISTRIBUTION, ETC. (IMPRINT)
Place of publication, distribution, etc. New York :
Name of publisher, distributor, etc. Oxford University Press,
Date of publication, distribution, etc. 1953
300 ## - PHYSICAL DESCRIPTION
Pagination v, 191 p. ;
Size 17 cm.
490 1# - SERIES STATEMENT
Series statement A Galaxy book, GB18
504 ## - BIBLIOGRAPHY, ETC. NOTE
Bibliography, etc Includes index.
650 #0 - SUBJECT ADDED ENTRY--TOPICAL TERM
Topical term or geographic name as entry element Mathematics.
9 (RLIN) 22775
830 #0 - SERIES ADDED ENTRY--UNIFORM TITLE
Volume number/sequential designation GB18.
Uniform title Galaxy book ;
942 ## - ADDED ENTRY ELEMENTS (KOHA)
Source of classification or shelving scheme Dewey Decimal Classification
Koha item type Books
Holdings
Lost status Source of classification or shelving scheme Damaged status Not for loan Collection code Permanent Location Current Location Shelving location Date acquired Source of acquisition Cost, normal purchase price Total Checkouts Full call number Date last seen Copy number Koha item type
  Dewey Decimal Classification     Non-fiction Central Library, University of Rajshahi Central Library, University of Rajshahi   04/04/1957 Shimpkin marshall 0.76   510 WHI 1953 13/01/2014 C-2 Books
  Dewey Decimal Classification     Non-fiction Central Library, University of Rajshahi Central Library, University of Rajshahi   02/03/1955 O.U.P. 3.60   510 WHI 1953 31/08/2016 C-3 Books